000 00889nam a2200277 i 4500
001 000013198
003 DO-SdBNP
005 20240530073916.0
007 ta
008 091120s1988 dr 000 f spa d
040 _aDO-SdBNP
_bspa
_cBNPHU
_erda
082 4 _aRD863.44
_bV443ma
_222
100 1 _aVeloz Maggiolo, Marcio,
_d1936-2021
_eautor
_91104
245 1 0 _aMateria prima :
_bProtonovela /
_cMarcio Veloz Maggiolo.
264 _aSanto Domingo :
_bFundacion Cultural Dominicana,
_c1988.
300 _a184 páginas ;
_c23 cm.
336 _2rdacontent
_atexto
_btxt
337 _2rdamedia
_asin mediacón
_bn
338 _2rdacarrier
_avolumen
_bnc
500 _aIncluye datos biográficos del autor en la contracubierta.
590 _aInventariado, 2019 /LP
650 0 _aNovela dominicana
_9223
650 0 _aLiteratura dominicana.
_967
910 _aBtavárez
942 _2ddc
_cLBS1
999 _c12837
_d12837